000 00274nam a22001217a 4500
008 170830b xxu||||| |||| 00| 0 eng d
041 _aeng
080 _a070
100 _a40
101 _aMED
245 _aWRITING A ATHINKING PROCESS
_cLAWRENCE.M.S
942 _2udc
_cBK
999 _c25599
_d25599